00249nam a22001217a 4500020001500000082001500015100001800030245002500048260002200073300000800095942000700103999001700110 a2825406740 a270.82 SAM aSamartha S.J. aCourage for Dialogue aGenevabWCCc1981 a157 cBK c20088d20088